Ecología y medio ambiente

Gespeichert in:
Bibliographische Detailangaben
1. Verfasser: Miller, George Tyler (autor)
Format: Buch
Sprache:Spanisch
Veröffentlicht: Ciudad de México Iberoamérica 1994
Schlagworte:
Tags: Tag hinzufügen
Keine Tags, Fügen Sie den ersten Tag hinzu!

MARC

LEADER 00000nam a2200000 a 4500
001 UCZ1008
003 CL-VaPUC
005 20240829101757.0
008 950810e19940000MX |||||||||||||||||spa|d
999 |c 237861  |d 237859 
040 |c Pontificia Universidad Católica de Valparaíso 
082 0 4 |a 577 MIL 1994  |2 21 
100 |a Miller, George Tyler  |e autor  |9 572632 
245 1 0 |a Ecología y medio ambiente 
260 |a Ciudad de México  |b Iberoamérica  |c 1994 
300 |a 867 páginas 
583 |a last modification  |c 19950810 00:00:00  |k Rodrigo Vera 
650 0 |a Ecología   |9 258124 
650 0 |a Medio ambiente  |9 257625 
650 7 |a POBLACION MUNDIAL  |2 CL-VaPUC  |9 334656 
650 7 |a DETERIORO DEL MEDIO AMBIENTE  |2 CL-VaPUC  |9 344369 
650 7 |a CONTAMINACION  |2 CL-VaPUC  |9 258139 
650 0 |a Conservación del medio ambiente  |9 340695 
650 0 |a Recursos naturales  |9 255232 
942 |c BK  |2 ddc 
945 |d 19950810 00:00:00  |a awong 
952 |0 0  |1 0  |2 ddc  |4 0  |6 577_000000000000000_MIL_1994  |7 0  |8 A  |9 247601  |a BIBCUR  |b BIBCUR  |d 2019-11-18  |i 3151751  |o 577 MIL 1994  |p 3151751  |r 2025-04-22  |t 1  |w 2019-11-18  |y BK  |k BIO 
952 |0 0  |1 0  |2 ddc  |4 0  |6 577_000000000000000_MIL_1994  |7 0  |8 A  |9 247602  |a BIBCUR  |b BIBCUR  |d 2019-11-18  |i 3326284  |o 577 MIL 1994  |p 3326284  |r 2025-04-22  |t 2  |w 2019-11-18  |y BK  |k BIO 
952 |0 0  |1 0  |2 ddc  |4 0  |6 577_000000000000000_MIL_1994  |7 0  |8 A  |9 247603  |a BIBCUR  |b BIBCUR  |d 2019-11-18  |i 3346331  |o 577 MIL 1994  |p 3346331  |r 2025-04-22  |t 3  |w 2019-11-18  |y BK  |k BAC 
952 |0 0  |1 0  |2 ddc  |4 0  |6 577_000000000000000_MIL_1994  |7 0  |8 A  |9 247604  |a BIBING  |b BIBING  |d 2019-11-18  |i 3565378  |o 577 MIL 1994  |p 3565378  |r 2025-01-20  |t 4  |w 2019-11-18  |y BK  |k EIQ